<?xml version="1.0" encoding="UTF-8"?>
<record
    xmlns:xsi="http://www.w3.org/2001/XMLSchema-instance"
    xsi:schemaLocation="http://www.loc.gov/MARC21/slim http://www.loc.gov/standards/marcxml/schema/MARC21slim.xsd"
    xmlns="http://www.loc.gov/MARC21/slim">

  <leader>01810nam a22001697a 4500</leader>
  <controlfield tag="003">IT-RoPau</controlfield>
  <controlfield tag="005">20220918181221.0</controlfield>
  <controlfield tag="008">140718b        xxu||||| |||| 00| 0 eng d</controlfield>
  <datafield tag="040" ind1=" " ind2=" ">
    <subfield code="c">IT-RoPau</subfield>
  </datafield>
  <datafield tag="100" ind1=" " ind2=" ">
    <subfield code="a">Pie Discepole del Divin Maestro</subfield>
    <subfield code="9">33885</subfield>
  </datafield>
  <datafield tag="245" ind1=" " ind2=" ">
    <subfield code="a">La vita in Cristo e nella Chiesa 2010</subfield>
    <subfield code="b">Anno 59 - 2010</subfield>
  </datafield>
  <datafield tag="260" ind1=" " ind2=" ">
    <subfield code="a">Roma</subfield>
    <subfield code="b">PDDM</subfield>
    <subfield code="c">2010</subfield>
  </datafield>
  <datafield tag="300" ind1=" " ind2=" ">
    <subfield code="a">S.n.p.</subfield>
    <subfield code="c">26 cm</subfield>
  </datafield>
  <datafield tag="490" ind1=" " ind2=" ">
    <subfield code="a">La vita in Cristo e nella Chiesa</subfield>
    <subfield code="v">2010</subfield>
  </datafield>
  <datafield tag="520" ind1=" " ind2=" ">
    <subfield code="a">Elenco autori

Gennaio 2010
Cruciani - Sirboni - Cruciani - Militello/Cruciani - Flores Arcas - Magnoli - Valli - Costanzi - Viviano - Sartor - Grillo - Babolin - Linder - C.C. - Redazione - Linder/Rinaldi/Paniccia

Aprile 2010
Cruciani - Sirboni - Militello - Magnoli - Valli - Costanzi - Midili - Ruspi - Grillo - Linder - Trapani - Babolin - Priori - Sorelle Clarisse di Camerino - Remondi - Redazione - Redazione

Maggio 2010
Cruciani - Sirboni - Militello/Cruciani - Magnoli - Valli - Costanzi - Redazione - Passiatore - Viviano - Redazione - Ruspi - Babolin - Trapani - Valli - Ferrini - Redazione - Baldini - Redazione - Passiatore - Redazione

Giugno-Luglio 2010
Cruciani - Sirboni - Abbattista/Cruciani - Magnoli - Valli - Costanzi - Rinaldi/Paniccia - Redazione - Grillo - Linder - Badaracchi - Rossi De Gasperis - Sirboni - Redazione

Agosto-Settembre 2010
Cruciani - Sirboni - Benedetto XVI - Apicella - Valli - Magnoli - Costanzi - Abbattista - Viviano - Scelzo - Grillo - Linder - Badaracchi - Brandolini - Redazione - Di Stefano - Passiatore - Redazione

Ottobre 2010
Cruciani - Sirboni - Cruciani/Viviano - Magnoli - Valli - Viviano - Giarratana - Sciuto - Commissione Episcopale per l'Annuncio e la Catechesi - Parisi - Redazione - Grillo - Linder - Badaracchi - Serboli - Shomali - Redazione - Redazione/Munaron - Redazione</subfield>
  </datafield>
  <datafield tag="942" ind1=" " ind2=" ">
    <subfield code="2">ddc</subfield>
    <subfield code="c">CR</subfield>
  </datafield>
  <datafield tag="999" ind1=" " ind2=" ">
    <subfield code="c">104461</subfield>
    <subfield code="d">104461</subfield>
  </datafield>
  <datafield tag="952" ind1=" " ind2=" ">
    <subfield code="0">0</subfield>
    <subfield code="1">0</subfield>
    <subfield code="2">ddc</subfield>
    <subfield code="4">0</subfield>
    <subfield code="6">P_D8</subfield>
    <subfield code="7">1</subfield>
    <subfield code="a">PAULUS</subfield>
    <subfield code="b">PAULUS</subfield>
    <subfield code="d">2014-07-18</subfield>
    <subfield code="l">0</subfield>
    <subfield code="o">P D8</subfield>
    <subfield code="r">2014-07-18 00:00:00</subfield>
    <subfield code="w">2014-07-18</subfield>
    <subfield code="y">CR</subfield>
  </datafield>
</record>
